[Event "Parthenay 2000 MI"]
[Site "?"]
[Date "2000.07.08"]
[Round "1"]
[White "Berthelot, Yannick"]
[Black "Balogh, Tomas"]
[Result "1/2-1/2"]
[WhiteElo "2312"]
[BlackElo "2421"]
[PlyCount "58"]
[EventDate "2000.??.??"]

1. e4 e5 2. Nf3 Nf6 3. Nxe5 d6 4. Nf3 Nxe4 5. d4 d5 6. Bd3 Be7 7. O-O Nc6 8.
Re1 Bg4 9. c3 f5 10. Qb3 O-O 11. Nbd2 Kh8 12. Qxb7 Rf6 13. Qb3 Rb8 14. Qa4 Bd6
15. h3 Bh5 16. Bb5 Ne7 17. Ne5 Bxe5 18. dxe5 Rfb6 19. Be2 Bxe2 20. Rxe2 Ng6 21.
Nb3 Nxe5 22. f3 Nxf3+ 23. gxf3 Rg6+ 24. Rg2 Qh4 25. fxe4 Qe1+ 26. Kh2 Rxg2+ 27.
Kxg2 Qe2+ 28. Kg3 Qe1+ 29. Kg2 Qe2+ 1/2-1/2

[Event "Parthenay 2000 MI"]
[Site "?"]
[Date "2000.07.08"]
[Round "1"]
[White "Doornbos, Yann"]
[Black "Guedon, Stephne"]
[Result "1-0"]
[WhiteElo "2356"]
[BlackElo "2282"]
[PlyCount "41"]
[EventDate "2000.??.??"]

1. d4 Nf6 2. c4 e6 3. Nf3 b6 4. e3 Bb7 5. Bd3 Be7 6. Nc3 c5 7. O-O O-O 8. d5
exd5 9. cxd5 Nxd5 10. Nxd5 Bxd5 11. Bxh7+ Kxh7 12. Qxd5 Nc6 13. e4 Qc7 14. Bg5
f6 15. Qf5+ Kg8 16. Bf4 Qb7 17. Rfd1 Rad8 18. Qg6 f5 19. e5 Rde8 20. Bh6 Rf7
21. Bxg7 1-0

[Event "Parthenay 2000 MI"]
[Site "?"]
[Date "2000.07.08"]
[Round "1"]
[White "Popescu, Daniel"]
[Black "Carlier, Bruno"]
[Result "1/2-1/2"]
[WhiteElo "2353"]
[BlackElo "2399"]
[PlyCount "39"]
[EventDate "2000.??.??"]

1. e4 g6 2. d4 Bg7 3. Nc3 d6 4. f4 a6 5. a4 Nc6 6. Be3 Nf6 7. Be2 O-O 8. e5 Nd7
9. Nf3 e6 10. O-O Ne7 11. Bf2 b6 12. Ne4 Bb7 13. Bd3 Nd5 14. Bh4 f6 15. Qd2 Bh6
16. g3 dxe5 17. dxe5 Bg7 18. Rae1 Qe7 19. Qe2 Nc5 20. exf6 1/2-1/2

[Event "Parthenay 2000 MI"]
[Site "?"]
[Date "2000.07.08"]
[Round "1"]
[White "Saucey, Michel"]
[Black "Bouvier, Bruno"]
[Result "1-0"]
[WhiteElo "2315"]
[BlackElo "2298"]
[PlyCount "127"]
[EventDate "2000.??.??"]

1. d4 d5 2. Nf3 Nf6 3. c4 dxc4 4. e3 e6 5. Bxc4 a6 6. Qe2 c5 7. dxc5 Bxc5 8.
O-O b5 9. Bd3 Nbd7 10. a4 bxa4 11. Nc3 Bb7 12. e4 O-O 13. Rxa4 a5 14. e5 Bxf3
15. gxf3 Nh5 16. f4 g6 17. Be4 Rb8 18. Bf3 Ng7 19. Ne4 Bb4 20. Rd1 Qc7 21. Be3
Kh8 22. Raa1 Nb6 23. Rac1 Qe7 24. Nf6 Rfd8 25. Rxd8+ Qxd8 26. Rd1 Qc8 27. Rc1
Qd8 28. Qa6 Nf5 29. Bxb6 Qxb6 30. Rc8+ Kg7 31. Rg8+ Kh6 32. Rh8 Qxf2+ 33. Kxf2
Rxh8 34. Qa7 Kg7 35. Bc6 Rd8 36. Bd7 Ne7 37. Qc7 Ra8 38. b3 h6 39. h3 Kf8 40.
Kf3 Kg7 41. Ne8+ Kg8 42. Qb7 Rd8 43. Nd6 Nf5 44. Nxf5 gxf5 45. Qc7 Rf8 46. Ke3
Kh8 47. Kd3 Rg8 48. Qb7 Rf8 49. Kc4 Kg8 50. Qc6 Kg7 51. Qg2+ Kh7 52. Kb5 Rg8
53. Qf3 Rg6 54. Be8 Kg8 55. Qb7 Rg7 56. Qc8 Kh7 57. Qd8 Kg8 58. Qf6 Rh7 59. h4
Kf8 60. Bxf7 Rxf7 61. Qxh6+ Ke7 62. h5 Bd2 63. Qg5+ Ke8 64. h6 1-0

[Event "Parthenay 2000 MI"]
[Site "?"]
[Date "2000.07.08"]
[Round "1"]
[White "Vajda, Albert"]
[Black "David, Vincent"]
[Result "1-0"]
[WhiteElo "2410"]
[BlackElo "2208"]
[PlyCount "79"]
[EventDate "2000.??.??"]

1. e4 e6 2. d3 c5 3. Nf3 Nc6 4. g3 d6 5. Bg2 Nf6 6. O-O Be7 7. Re1 O-O 8. c3 b6
9. d4 Bb7 10. d5 exd5 11. exd5 Nb8 12. Nh4 Re8 13. Nf5 Na6 14. Na3 Nc7 15. c4
Bf8 16. Rxe8 Qxe8 17. Bf4 Rd8 18. Qf3 Bc8 19. Bg5 Bxf5 20. Qxf5 Qe5 21. Qxe5
dxe5 22. Re1 h6 23. Bd2 Bd6 24. Nc2 Kh7 25. Bc3 Re8 26. Bh3 Re7 27. Re2 Kg8 28.
f3 Kf8 29. Ne1 Nce8 30. Bf5 g6 31. Bc2 a6 32. Kg2 Nc7 33. h4 h5 34. Bd2 Kg7 35.
Bg5 Nce8 36. Ba4 Ra7 37. Nd3 b5 38. cxb5 axb5 39. Bxb5 Rxa2 40. Bc4 1-0

[Event "Parthenay 2000 MI"]
[Site "?"]
[Date "2000.07.09"]
[Round "2"]
[White "Bouvier, Bruno"]
[Black "Berthelot, Yannick"]
[Result "1-0"]
[WhiteElo "2298"]
[BlackElo "2312"]
[PlyCount "161"]
[EventDate "2000.??.??"]

1. e4 c5 2. Nf3 Nc6 3. d4 cxd4 4. Nxd4 Nf6 5. Nc3 d6 6. Bc4 e6 7. Be3 Be7 8.
Bb3 O-O 9. Qe2 Bd7 10. O-O-O Rc8 11. f3 Na5 12. g4 Nxb3+ 13. axb3 a6 14. g5 Nh5
15. Qg2 b5 16. f4 g6 17. Nce2 e5 18. fxe5 dxe5 19. Nf3 Qc7 20. Nc3 Be6 21. Nd5
Bxd5 22. Rxd5 Nf4 23. Bxf4 exf4 24. h4 Rfe8 25. Ne5 Bxg5 26. hxg5 Rxe5 27. Rxe5
Qxe5 28. Qh3 Rc5 29. Qxh7+ Kf8 30. Kb1 Ke7 31. Qh4 Qxg5 32. Qf2 Qe5 33. Rd1 Rc6
34. Rd5 Qxe4 35. Rd2 f3 36. Rd4 Qe5 37. Rd3 Re6 38. Qxf3 Qe1+ 39. Rd1 Qe4 40.
Qf2 Qe3 41. Qh4+ g5 42. Qb4+ Ke8 43. Qa5 Kf8 44. Qd8+ Kg7 45. Rh1 Re8 46. Qd6
Qe6 47. Qd4+ Qe5 48. Qb6 Re6 49. Qd8 Rh6 50. Rg1 Rh5 51. Qc8 a5 52. Rf1 b4 53.
Qd7 Qe6 54. Qd4+ Kg6 55. Qd8 Rh7 56. Qxa5 Rh4 57. Qd8 f6 58. Rd1 Re4 59. Qd3 f5
60. Qg3 Re3 61. Qg1 g4 62. Qf2 Kg5 63. Qd2 Qe7 64. Rg1 f4 65. Qd5+ Kh4 66. Qh1+
Rh3 67. Qa8 Qf6 68. Qc8 g3 69. Qb7 Rh2 70. Qh7+ Kg4 71. Qxh2 Qe5 72. Qh6 f3 73.
Qg6+ Kh3 74. Rh1+ Kg2 75. Qh7 Kf2 76. Qa7+ Ke2 77. Qa6+ Kf2 78. Qf1+ Ke3 79.
Qe1+ Kd4 80. Rh4+ Kd5 81. Qd1+ 1-0

[Event "Parthenay 2000 MI"]
[Site "?"]
[Date "2000.07.09"]
[Round "2"]
[White "Carlier, Bruno"]
[Black "Balogh, Tomas"]
[Result "1/2-1/2"]
[WhiteElo "2399"]
[BlackElo "2421"]
[PlyCount "28"]
[EventDate "2000.??.??"]

1. Nf3 Nf6 2. g3 d5 3. Bg2 Bf5 4. c4 c6 5. cxd5 cxd5 6. Qb3 Qb6 7. Qxb6 axb6 8.
Nc3 e6 9. d3 Nc6 10. Bd2 Be7 11. O-O O-O 12. Nh4 Bg6 13. Nxg6 hxg6 14. Rfc1 Ra5
1/2-1/2

[Event "Parthenay 2000 MI"]
[Site "?"]
[Date "2000.07.09"]
[Round "2"]
[White "David, Vincent"]
[Black "Saucey, Michel"]
[Result "0-1"]
[WhiteElo "2208"]
[BlackElo "2315"]
[PlyCount "118"]
[EventDate "2000.??.??"]

1. d4 g6 2. Nf3 Bg7 3. g3 c5 4. dxc5 Na6 5. Bg2 Nxc5 6. O-O Nf6 7. c4 O-O 8.
Nc3 d6 9. Nd4 a5 10. Rb1 Bd7 11. b3 Qc8 12. Bb2 Bh3 13. Re1 Bxg2 14. Kxg2 b6
15. e4 Qb7 16. f3 Nfd7 17. Ba1 Ne5 18. Ndb5 Rad8 19. f4 Nc6 20. Qf3 Nb4 21. Re2
Ra8 22. a3 Nc6 23. Nd5 Bxa1 24. Rxa1 f6 25. Rd1 Rac8 26. b4 Ne6 27. Qe3 Rb8 28.
h4 axb4 29. axb4 Ng7 30. Kh2 Na7 31. Nd4 e6 32. Nc3 Rfd8 33. Red2 Rbc8 34. Ncb5
Nxb5 35. Nxb5 Ne8 36. Qd3 Ra8 37. Nd4 Kf7 38. f5 Ng7 39. fxe6+ Nxe6 40. Nb5 Kg7
41. Qf3 Qe7 42. Nxd6 Nf8 43. Qc3 Rd7 44. c5 bxc5 45. bxc5 Rc7 46. e5 Qxe5 47.
Qf3 Rb8 48. Re2 Rb2 49. Rde1 Re7 50. Rxb2 Qxb2+ 51. Kh3 Rxe1 52. c6 Qc1 53. Qd5
Rh1+ 54. Kg4 h5+ 55. Kf3 Qf1+ 56. Ke3 Qe1+ 57. Kf3 Rf1+ 58. Kg2 Rg1+ 59. Kh2
Qxg3# 0-1

[Event "Parthenay 2000 MI"]
[Site "?"]
[Date "2000.07.09"]
[Round "2"]
[White "Guedon, Stephne"]
[Black "Vajda, Albert"]
[Result "1/2-1/2"]
[WhiteElo "2282"]
[BlackElo "2410"]
[PlyCount "90"]
[EventDate "2000.??.??"]

1. e4 c6 2. d4 d5 3. Nc3 dxe4 4. Nxe4 Nd7 5. Ng5 Ndf6 6. Bc4 e6 7. N1f3 Bd6 8.
O-O h6 9. Nh3 Ne7 10. Nf4 Qc7 11. Nd3 Nf5 12. c3 O-O 13. Qe2 b5 14. Bb3 c5 15.
dxc5 Bxc5 16. Bf4 Bd6 17. Bxd6 Nxd6 18. Nde5 Bb7 19. Rfd1 Rad8 20. Nd4 Nd5 21.
Qg4 Nf5 22. Nef3 Nxd4 23. Rxd4 e5 24. Rdd1 Nf4 25. Bc2 b4 26. Qf5 e4 27. Nd2 g6
28. Qg4 bxc3 29. bxc3 h5 30. Qg5 Ne2+ 31. Kh1 Nxc3 32. Bb3 Kh7 33. Rdc1 f6 34.
Qe3 Rd3 35. Qe1 Qe5 36. Nc4 Qd4 37. Nb2 Rh3 38. Na4 Nxa4 39. Rc7+ Kh8 40. Rxb7
Nc5 41. Rb4 Qc3 42. gxh3 Qf3+ 43. Kg1 Nd3 44. Qxe4 Qxf2+ 45. Kh1 Nxb4 1/2-1/2

[Event "Parthenay 2000 MI"]
[Site "?"]
[Date "2000.07.10"]
[Round "3"]
[White "Balogh, Tomas"]
[Black "Bouvier, Bruno"]
[Result "1/2-1/2"]
[WhiteElo "2421"]
[BlackElo "2298"]
[PlyCount "44"]
[EventDate "2000.??.??"]

1. d4 d5 2. Nf3 Nf6 3. Bf4 g6 4. h3 c5 5. c3 Bg7 6. e3 O-O 7. Be2 Nc6 8. O-O a6
9. Nbd2 Nd7 10. Qb3 c4 11. Qc2 e5 12. dxe5 Ndxe5 13. Nxe5 Nxe5 14. Bxe5 Bxe5
15. Nf3 Bf6 16. Rad1 Qa5 17. a3 Rd8 18. Nd4 Bd7 19. Rd2 Ba4 20. Qc1 Qc5 21. Bd1
Bd7 22. Bf3 a5 1/2-1/2

[Event "Parthenay 2000 MI"]
[Site "?"]
[Date "2000.07.10"]
[Round "3"]
[White "Berthelot, Yannick"]
[Black "David, Vincent"]
[Result "1/2-1/2"]
[WhiteElo "2312"]
[BlackElo "2208"]
[PlyCount "44"]
[EventDate "2000.??.??"]

1. e4 e6 2. d4 d5 3. Nc3 Nf6 4. Bg5 dxe4 5. Nxe4 Be7 6. Bxf6 gxf6 7. Nf3 a6 8.
Bd3 f5 9. Ng3 c5 10. Qd2 cxd4 11. O-O-O Nc6 12. Nh5 Rg8 13. Kb1 Qd5 14. Nf4 Qc5
15. Nh5 Bd7 16. Qh6 O-O-O 17. Qxh7 Rdf8 18. Ng3 Qb6 19. Qh6 Ba3 20. Qc1 f4 21.
Ne4 f5 22. Neg5 Be7 1/2-1/2

[Event "Parthenay 2000 MI"]
[Site "?"]
[Date "2000.07.10"]
[Round "3"]
[White "Doornbos, Yann"]
[Black "Carlier, Bruno"]
[Result "0-1"]
[WhiteElo "2356"]
[BlackElo "2399"]
[PlyCount "68"]
[EventDate "2000.??.??"]

1. d4 g6 2. c4 Bg7 3. Nf3 c5 4. d5 f5 5. g3 d6 6. Bg2 Nf6 7. O-O O-O 8. Nc3
Nbd7 9. Rb1 Ng4 10. Qc2 Nde5 11. Nxe5 Nxe5 12. b3 a6 13. e3 Bd7 14. Ne2 b5 15.
Nf4 Rb8 16. cxb5 axb5 17. Ne6 Bxe6 18. dxe6 Qc8 19. Bd5 Ng4 20. e4 fxe4 21. Bb2
Bxb2 22. Rxb2 e3 23. Qd3 c4 24. Qd4 exf2+ 25. Kh1 Qc5 26. Qxc5 dxc5 27. bxc4
bxc4 28. Re2 c3 29. h3 c2 30. Bg2 Rb1 31. Rxc2 Rxf1+ 32. Bxf1 Ne3 33. Rc1 c4
34. g4 c3 0-1

[Event "Parthenay 2000 MI"]
[Site "?"]
[Date "2000.07.10"]
[Round "3"]
[White "Saucey, Michel"]
[Black "Guedon, Stephne"]
[Result "1-0"]
[WhiteElo "2315"]
[BlackElo "2282"]
[PlyCount "113"]
[EventDate "2000.??.??"]

1. d4 Nf6 2. Nf3 e6 3. c4 b6 4. g3 Bb7 5. Bg2 Be7 6. O-O O-O 7. Re1 d5 8. cxd5
exd5 9. Nc3 Na6 10. Bf4 c5 11. dxc5 Nxc5 12. Be5 Nfe4 13. Rc1 Bf6 14. Bxf6 Qxf6
15. Qd4 Nxc3 16. Rxc3 Qd8 17. e3 Re8 18. Rd1 Re4 19. Qd2 Ra4 20. Qc2 Rxa2 21.
Rxc5 bxc5 22. Qb3 Ra6 23. Qxb7 Rb6 24. Qxd5 Qxd5 25. Rxd5 Rxb2 26. Rxc5 Rb1+
27. Bf1 a5 28. Nd2 Rd1 29. Nc4 Ra1 30. Kg2 a4 31. Nb6 Rb8 32. Ra5 a3 33. Bc4 g6
34. Nd7 Rb7 35. Ne5 Kg7 36. Nxf7 Rxf7 37. Bxf7 Kxf7 38. Ra7+ Kf6 39. Rxh7 Ke5
40. Ra7 Ke4 41. h4 Kd3 42. Kf3 Kc3 43. Kg4 Kd3 44. Kg5 Ke2 45. Kxg6 Kxf2 46. g4
Kxe3 47. h5 Kf4 48. Ra4+ Ke5 49. h6 Rb1 50. Rxa3 Rb6+ 51. Kg5 Ke4 52. h7 Rb5+
53. Kh6 Rb6+ 54. Kh5 Rb1 55. Ra8 Rh1+ 56. Kg6 Rh6+ 57. Kxh6 1-0

[Event "Parthenay 2000 MI"]
[Site "?"]
[Date "2000.07.10"]
[Round "3"]
[White "Vajda, Albert"]
[Black "Popescu, Daniel"]
[Result "1/2-1/2"]
[WhiteElo "2410"]
[BlackElo "2353"]
[PlyCount "33"]
[EventDate "2000.??.??"]

1. c4 c5 2. Nf3 Nc6 3. g3 g6 4. Bg2 Bg7 5. O-O e6 6. Nc3 Nge7 7. d3 O-O 8. Bg5
h6 9. Bxe7 Qxe7 10. e3 Rd8 11. d4 d5 12. cxd5 exd5 13. h3 cxd4 14. Nxd4 Nxd4
15. exd4 Qb4 16. Nxd5 Qxb2 17. Qb3 1/2-1/2

[Event "Parthenay 2000 MI"]
[Site "?"]
[Date "2000.07.10"]
[Round "4"]
[White "Carlier, Bruno"]
[Black "Bouvier, Bruno"]
[Result "1-0"]
[WhiteElo "2399"]
[BlackElo "2298"]
[PlyCount "71"]
[EventDate "2000.??.??"]

1. Nf3 d5 2. g3 Nf6 3. Bg2 g6 4. c4 c6 5. b3 Bg7 6. Bb2 Qb6 7. Qc1 dxc4 8. Qxc4
Be6 9. Qc1 a5 10. Nc3 O-O 11. O-O Na6 12. d4 Nb4 13. Na4 Qc7 14. Ne5 Ng4 15.
Nxg4 Bxg4 16. a3 Na6 17. e4 Rad8 18. d5 cxd5 19. Bxg7 Kxg7 20. exd5 b5 21. Qb2+
Kg8 22. Rac1 Qa7 23. Nc3 b4 24. Ne4 Bf5 25. Nd2 Nc7 26. axb4 axb4 27. Ra1 Qb6
28. Nc4 Qb8 29. Ne5 Bd7 30. Rfe1 Bb5 31. Rad1 Rfe8 32. Ng4 f6 33. d6 Rxd6 34.
Rxd6 h5 35. Nxf6+ exf6 36. Red1 1-0

[Event "Parthenay 2000 MI"]
[Site "?"]
[Date "2000.07.10"]
[Round "4"]
[White "David, Vincent"]
[Black "Balogh, Tomas"]
[Result "0-1"]
[WhiteElo "2208"]
[BlackElo "2421"]
[PlyCount "58"]
[EventDate "2000.??.??"]

1. d4 Nf6 2. c4 g6 3. Nf3 Bg7 4. g3 O-O 5. Bg2 d6 6. O-O c5 7. Nc3 Nc6 8. d5
Na5 9. Nd2 a6 10. Rb1 Rb8 11. b3 b5 12. Bb2 h5 13. h3 bxc4 14. bxc4 e5 15. Qc2
Bh6 16. e3 Bf5 17. e4 Bd7 18. f4 h4 19. Ne2 Nh5 20. Bc3 Rxb1 21. Qxb1 Nxg3 22.
Nxg3 hxg3 23. Qb2 exf4 24. Qa3 f3 25. Nxf3 Nxc4 26. Qxa6 Ne3 27. Qxd6 Nxg2 28.
Qe5 f6 29. Qxg3 Nf4 0-1

[Event "Parthenay 2000 MI"]
[Site "?"]
[Date "2000.07.10"]
[Round "4"]
[White "Doornbos, Yann"]
[Black "Vajda, Albert"]
[Result "1/2-1/2"]
[WhiteElo "2356"]
[BlackElo "2410"]
[PlyCount "91"]
[EventDate "2000.??.??"]

1. d4 Nf6 2. c4 g6 3. Nc3 Bg7 4. e4 d6 5. Nf3 O-O 6. Be2 Nbd7 7. O-O e5 8. d5
Nc5 9. Nd2 a5 10. Rb1 Ne8 11. b3 f5 12. a3 Nf6 13. b4 Ncd7 14. Qc2 Kh8 15. Nb3
axb4 16. axb4 Nxe4 17. Nxe4 fxe4 18. Be3 Nf6 19. Na5 Nh5 20. Bxh5 gxh5 21. Ra1
Qh4 22. Nb3 Rxa1 23. Rxa1 Rg8 24. Nd2 Bf5 25. Nf1 Qg4 26. Ng3 Bg6 27. Qe2 Qh4
28. Ra7 Rb8 29. h3 Bf6 30. Qa2 Bd8 31. c5 dxc5 32. bxc5 Bg5 33. Ra8 Rxa8 34.
Qxa8+ Kg7 35. Nf1 Bxe3 36. Nxe3 Qe7 37. Qa7 Kf7 38. h4 Ke8 39. Qb8+ Kf7 40. Qa7
Ke8 41. Nc4 e3 42. Nxe3 Kf7 43. Nc4 Be4 44. d6 Qe6 45. Qa2 Bd5 46. Qb1 1/2-1/2

[Event "Parthenay 2000 MI"]
[Site "?"]
[Date "2000.07.10"]
[Round "4"]
[White "Guedon, Stephne"]
[Black "Berthelot, Yannick"]
[Result "1/2-1/2"]
[WhiteElo "2282"]
[BlackElo "2312"]
[PlyCount "29"]
[EventDate "2000.??.??"]

1. d4 d5 2. c4 c6 3. Nf3 Nf6 4. Qc2 g6 5. Bf4 Bf5 6. Qb3 Qb6 7. Nbd2 Nbd7 8. e3
Bg7 9. h3 O-O 10. Be2 Ne4 11. g4 Nxd2 12. Nxd2 Be6 13. c5 Qxb3 14. Nxb3 f6 15.
O-O 1/2-1/2

[Event "Parthenay 2000 MI"]
[Site "?"]
[Date "2000.07.10"]
[Round "4"]
[White "Popescu, Daniel"]
[Black "Saucey, Michel"]
[Result "1/2-1/2"]
[WhiteElo "2353"]
[BlackElo "2315"]
[PlyCount "41"]
[EventDate "2000.??.??"]

1. e4 c5 2. Nc3 Nc6 3. g3 g6 4. Bg2 Bg7 5. d3 d6 6. Nge2 Rb8 7. a4 a6 8. O-O b5
9. axb5 axb5 10. Nd5 e6 11. Ne3 Nge7 12. f4 Nd4 13. g4 f5 14. gxf5 exf5 15. Ng3
b4 16. exf5 Ndxf5 17. Nexf5 Bxf5 18. Nxf5 Nxf5 19. Re1+ Kf8 20. Ra7 Bd4+ 21.
Kh1 1/2-1/2

[Event "Parthenay 2000 MI"]
[Site "?"]
[Date "2000.07.11"]
[Round "5"]
[White "Balogh, Tomas"]
[Black "Guedon, Stephne"]
[Result "1-0"]
[WhiteElo "2421"]
[BlackElo "2282"]
[PlyCount "83"]
[EventDate "2000.??.??"]

1. d4 Nf6 2. c4 e6 3. Nf3 b6 4. g3 Bb7 5. Bg2 Be7 6. Nc3 Ne4 7. Qc2 Nxc3 8.
Qxc3 O-O 9. O-O f5 10. Rd1 Bf6 11. b3 Nc6 12. Bb2 Ne7 13. Qe3 Qe8 14. Rac1 Rd8
15. Ba3 Be4 16. Ne5 Bxg2 17. Kxg2 h6 18. f4 d6 19. Nf3 Ng6 20. Qd3 Qd7 21. e4
Rfe8 22. Re1 Nf8 23. Rc2 g6 24. Rce2 Kh7 25. h3 c5 26. Bb2 Qg7 27. e5 dxe5 28.
fxe5 Be7 29. d5 Nd7 30. h4 Kh8 31. Rd1 Nb8 32. Qe3 Bf8 33. Red2 Qc7 34. Ng1 Kg8
35. Ne2 Bg7 36. Nf4 exd5 37. cxd5 Bxe5 38. Ne6 Rxe6 39. dxe6 Rxd2+ 40. Rxd2
Bxb2 41. e7 Qc6+ 42. Kh2 1-0

[Event "Parthenay 2000 MI"]
[Site "?"]
[Date "2000.07.11"]
[Round "5"]
[White "Bouvier, Bruno"]
[Black "David, Vincent"]
[Result "1-0"]
[WhiteElo "2298"]
[BlackElo "2208"]
[PlyCount "95"]
[EventDate "2000.??.??"]

1. e4 e6 2. d4 d5 3. e5 c5 4. c3 Qb6 5. Nf3 Nc6 6. a3 c4 7. Nbd2 Na5 8. g3 Bd7
9. Bg2 Ne7 10. O-O Qc7 11. Re1 h6 12. h4 Nc8 13. h5 Nb6 14. Nh4 Ba4 15. Qg4 Bc2
16. Kh2 Rg8 17. f4 Be7 18. Bh3 Bxh4 19. Qxh4 Qd8 20. Qxd8+ Rxd8 21. Bg4 Kd7 22.
Bd1 Bxd1 23. Rxd1 f5 24. Nf3 Nc8 25. Be3 Ne7 26. Rg1 Rdf8 27. Rg2 Ke8 28. Rag1
Kf7 29. Nh4 g6 30. g4 gxh5 31. gxf5 Rxg2+ 32. Rxg2 exf5 33. Bf2 Rg8 34. Rxg8
Kxg8 35. Ng2 Kf7 36. Bh4 Nac6 37. Bxe7 Nxe7 38. Kg3 Ng6 39. Nh4 Ne7 40. Kf3 Kg7
41. Ng2 Kg6 42. Kg3 b6 43. Kh4 a6 44. Ne3 b5 45. Nc2 Kf7 46. Kxh5 Ng6 47. Kxh6
Nxf4 48. Kg5 1-0

[Event "Parthenay 2000 MI"]
[Site "?"]
[Date "2000.07.11"]
[Round "5"]
[White "Saucey, Michel"]
[Black "Doornbos, Yann"]
[Result "0-1"]
[WhiteElo "2315"]
[BlackElo "2356"]
[PlyCount "83"]
[EventDate "2000.??.??"]

1. d4 d5 2. Nf3 Nf6 3. c4 c6 4. Nc3 e6 5. e3 Nbd7 6. Bd3 dxc4 7. Bxc4 b5 8. Be2
b4 9. Na4 Bb7 10. O-O c5 11. dxc5 Qa5 12. Nd4 Bxc5 13. Nxc5 Qxc5 14. Bd2 O-O
15. Rc1 Qd6 16. Qa4 a5 17. Rfd1 e5 18. Nf5 Qe6 19. Ng3 Bd5 20. b3 e4 21. Be1
Rfb8 22. Nh5 Nxh5 23. Bxh5 Ne5 24. Be2 Bc6 25. Rxc6 Nxc6 26. Bc4 Qg6 27. Bd5
Rd8 28. Rd2 Rac8 29. Kf1 Ne5 30. Qxa5 Nd3 31. Bb7 Rb8 32. f3 exf3 33. Bxf3 Re8
34. e4 Nxe1 35. Kxe1 Qh6 36. Ke2 Qxh2 37. Rd4 Ra8 38. Qxb4 Rxa2+ 39. Rd2 Rxd2+
40. Qxd2 Rb8 41. Qd5 Qc7 42. Kf1 0-1

[Event "Parthenay 2000 MI"]
[Site "?"]
[Date "2000.07.11"]
[Round "5"]
[White "Vajda, Albert"]
[Black "Carlier, Bruno"]
[Result "1-0"]
[WhiteElo "2410"]
[BlackElo "2399"]
[PlyCount "87"]
[EventDate "2000.??.??"]

1. e4 g6 2. d4 Bg7 3. Nf3 d6 4. c3 Nf6 5. Bd3 O-O 6. O-O Nh5 7. Re1 e5 8. Bg5
Bf6 9. Be3 Nc6 10. Nbd2 Bg7 11. a3 a5 12. Bb5 exd4 13. cxd4 Bd7 14. Bc4 a4 15.
Qc2 h6 16. Rac1 Kh7 17. Bd3 Rc8 18. h3 Ne7 19. g4 Nf6 20. Nf1 c5 21. dxc5 dxc5
22. Ng3 b6 23. Bf4 Be6 24. Bc4 Bxc4 25. Qxc4 Qe8 26. Bd6 Nfg8 27. e5 f6 28. Qe4
Qc6 29. Rcd1 Qxe4 30. Nxe4 fxe5 31. Nxe5 Rfe8 32. f4 Nf6 33. Nxf6+ Bxf6 34. Nd7
Ng8 35. Nxf6+ Nxf6 36. Be5 Ng8 37. Rd6 b5 38. Rb6 b4 39. axb4 cxb4 40. Rxb4 Ra8
41. Ra1 g5 42. Rbxa4 Rxa4 43. Rxa4 gxf4 44. Ra7+ 1-0

[Event "Parthenay 2000 MI"]
[Site "?"]
[Date "2000.07.12"]
[Round "6"]
[White "Carlier, Bruno"]
[Black "David, Vincent"]
[Result "1/2-1/2"]
[WhiteElo "2399"]
[BlackElo "2208"]
[PlyCount "108"]
[EventDate "2000.??.??"]

1. Nf3 d5 2. g3 c6 3. Bg2 Nf6 4. O-O Bg4 5. d4 Nbd7 6. Nbd2 e6 7. Re1 Be7 8. e4
dxe4 9. Nxe4 O-O 10. c3 Re8 11. Qb3 Nxe4 12. Rxe4 Bf5 13. Re1 Qb6 14. Nd2 Qxb3
15. axb3 Nb6 16. b4 a6 17. Nb3 Bd6 18. Nc5 Re7 19. f4 Rd8 20. Bf3 Rc7 21. Kg2
Nd5 22. Bd2 Nf6 23. h3 a5 24. g4 Bg6 25. Nxb7 Rxb7 26. Rxa5 Nd5 27. b5 Bd3 28.
bxc6 Rxb2 29. Bxd5 Rxd2+ 30. Kf3 exd5 31. Ke3 Rh2 32. Kxd3 Bxf4 33. Rxd5 Rxh3+
34. Kc4 Rc8 35. Rd7 Bd2 36. c7 Rxc3+ 37. Kb5 Rf8 38. Ree7 Bg5 39. Re5 Bf4 40.
Rc5 Rxc5+ 41. Kxc5 h5 42. gxh5 f5 43. d5 Bxc7 44. Rxc7 f4 45. Kd4 Kh7 46. d6 f3
47. Rc1 Kh6 48. Ke3 Kxh5 49. d7 Rd8 50. Rd1 Kg6 51. Kxf3 Kf6 52. Rd2 Ke6 53.
Kg4 Rxd7 54. Rf2 Rf7 1/2-1/2

[Event "Parthenay 2000 MI"]
[Site "?"]
[Date "2000.07.12"]
[Round "6"]
[White "Doornbos, Yann"]
[Black "Berthelot, Yannick"]
[Result "1/2-1/2"]
[WhiteElo "2356"]
[BlackElo "2312"]
[PlyCount "78"]
[EventDate "2000.??.??"]

1. d4 d5 2. c4 c6 3. Nc3 Nf6 4. e3 e6 5. Nf3 Nbd7 6. Qc2 Bd6 7. Bd3 O-O 8. O-O
dxc4 9. Bxc4 b5 10. Be2 Bb7 11. Rd1 Qc7 12. h3 a6 13. e4 e5 14. Bg5 exd4 15.
Rxd4 Rfe8 16. Rad1 Bc5 17. R4d2 b4 18. Na4 Bxf2+ 19. Kxf2 Nxe4+ 20. Kg1 Nxd2
21. Qxd2 Ne5 22. Nxe5 Qxe5 23. Bf3 Qb5 24. b3 c5 25. Bxb7 Qxb7 26. Rc1 h6 27.
Nxc5 Qb5 28. Be3 Re5 29. Qf2 Rae8 30. Bd4 Rg5 31. Rc2 Re7 32. Na4 Qe8 33. Qf4
Re4 34. Qf2 Rxd4 35. Qxd4 Qe1+ 36. Kh2 Qg3+ 37. Kg1 Qe1+ 38. Kh2 Qg3+ 39. Kg1
Qe1+ 1/2-1/2

[Event "Parthenay 2000 MI"]
[Site "?"]
[Date "2000.07.12"]
[Round "6"]
[White "Guedon, Stephne"]
[Black "Bouvier, Bruno"]
[Result "1-0"]
[WhiteElo "2282"]
[BlackElo "2298"]
[PlyCount "61"]
[EventDate "2000.??.??"]

1. d4 d5 2. Nf3 Nf6 3. g3 g6 4. Bg2 Bg7 5. O-O c5 6. dxc5 Nbd7 7. c4 Nxc5 8.
Nc3 dxc4 9. Qxd8+ Kxd8 10. Be3 Na6 11. Rfd1+ Nd7 12. Bd4 f6 13. Nd2 Ke8 14.
Nxc4 Nac5 15. Nb5 Kf7 16. Nc7 Rb8 17. b4 Na6 18. Bd5+ e6 19. Bxe6+ Ke7 20. Nxa6
bxa6 21. Bxd7 Bxd7 22. Bxa7 Ba4 23. Bxb8 Rxb8 24. Rdc1 h5 25. a3 f5 26. Rab1 h4
27. Ne3 Be5 28. Rc5 Bd6 29. Ra5 Bb5 30. a4 hxg3 31. axb5 1-0

[Event "Parthenay 2000 MI"]
[Site "?"]
[Date "2000.07.12"]
[Round "6"]
[White "Popescu, Daniel"]
[Black "Balogh, Tomas"]
[Result "1/2-1/2"]
[WhiteElo "2353"]
[BlackElo "2421"]
[PlyCount "28"]
[EventDate "2000.??.??"]

1. d4 d6 2. c4 e5 3. Nf3 e4 4. Nfd2 f5 5. Nc3 Nf6 6. e3 c6 7. Be2 d5 8. Qb3 Be7
9. f3 Na6 10. O-O Nc7 11. a4 Rb8 12. a5 Be6 13. Qc2 O-O 14. b3 Re8 1/2-1/2

[Event "Parthenay 2000 MI"]
[Site "?"]
[Date "2000.07.12"]
[Round "6"]
[White "Vajda, Albert"]
[Black "Saucey, Michel"]
[Result "1/2-1/2"]
[WhiteElo "2410"]
[BlackElo "2315"]
[PlyCount "136"]
[EventDate "2000.??.??"]

1. e4 c5 2. Nf3 Nc6 3. Bb5 g6 4. O-O Bg7 5. Re1 Nf6 6. c3 O-O 7. h3 e5 8. a4 d6
9. Na3 Ne8 10. Bxc6 bxc6 11. d4 cxd4 12. cxd4 exd4 13. Nxd4 Bb7 14. Nf3 Nf6 15.
Nc4 d5 16. exd5 cxd5 17. Nce5 Ne4 18. Be3 Nd6 19. a5 Nc4 20. Bc5 Re8 21. a6
Nxe5 22. Nxe5 Bxe5 23. axb7 Rb8 24. Rxa7 Qc7 25. b4 Red8 26. Qf3 f6 27. Rd1 Qc6
28. Qg4 Rxb7 29. Rxb7 Qxb7 30. f4 Bc3 31. Qe6+ Qf7 32. f5 d4 33. Qb6 Re8 34.
fxg6 hxg6 35. Bxd4 Qb3 36. Rf1 Qxb4 37. Qxb4 Bxb4 38. Rxf6 Kh7 39. Rf7+ Kh6 40.
Bg7+ Kg5 41. Bf6+ Kf5 42. Bh4+ Ke5 43. Rf3 Rf8 44. Re3+ Kd5 45. Bf2 Bd6 46. g3
Rf7 47. Kg2 Be5 48. Ra3 Rf6 49. Be3 Ke4 50. Bh6 Rc6 51. Ra4+ Kd5 52. Bf4 Bf6
53. Kf3 Ke6 54. Kg4 Kf7 55. h4 Rc7 56. Ra5 Rc6 57. Ra7+ Ke6 58. h5 gxh5+ 59.
Kxh5 Rc8 60. g4 Rc4 61. Bg5 Be5 62. Bh6 Rc7 63. Ra8 Bf6 64. Kg6 Bd4 65. Ra4 Bc3
66. Bf8 Rc8 67. Ra6+ Kd5 68. Bg7 68... Bd2 {etc...} 1/2-1/2

[Event "Parthenay 2000 MI"]
[Site "?"]
[Date "2000.07.13"]
[Round "7"]
[White "Balogh, Tomas"]
[Black "Doornbos, Yann"]
[Result "1/2-1/2"]
[WhiteElo "2421"]
[BlackElo "2356"]
[PlyCount "36"]
[EventDate "2000.??.??"]

1. d4 d5 2. c4 c6 3. cxd5 cxd5 4. Nf3 Nf6 5. Nc3 Nc6 6. Bf4 e6 7. e3 Be7 8. Bd3
O-O 9. O-O b6 10. Rc1 Bb7 11. Ne5 Nxe5 12. Bxe5 Nd7 13. Bg3 a6 14. a4 Nb8 15.
Ne2 Nc6 16. Rc3 f5 17. Qc2 Qd7 18. Rc1 Rfc8 1/2-1/2